Văn hóa Thái - Những tri thức dân gian

שמור ב:
מידע ביבליוגרפי
מחבר ראשי: Đặng Thị Oanh
פורמט: ספר
שפה:Vietnamese
יצא לאור: H. Thanh Niên 2011
סדרה:Hội văn nghệ dân gian Việt Nam
נושאים:
תגים: הוספת תג
אין תגיות, היה/י הראשונ/ה לתייג את הרשומה!
Thư viện lưu trữ: Mạng thư viện Đại học Đà Nẵng
LEADER 01019nam a2200313 4500
001 000015874
003 12259
005 20120605160602.0
008 120605s2011 viesd
041 0 |a vie 
082 |a 305.89591  |b ĐĂ-O 
100 0 |a Đặng Thị Oanh 
245 0 |a Văn hóa Thái - Những tri thức dân gian  |c Đặng Thị Oanh 
260 |a H.  |b Thanh Niên  |c 2011 
300 |a 199 tr.  |c 21 cm 
490 |a Hội văn nghệ dân gian Việt Nam 
653 |a Văn hóa 
653 |a Thái 
653 |a Tri thức dân gian 
OWN |a LSP 
AVA |a UDN50  |b LSP  |d 305.89591 ĐĂ-O  |e available  |t Error 5001 Not defined in file expand_doc_bib_avail.  |f 1  |g 0  |h N  |i 0  |k 1 
999 |a From the UDN01 
AVA |a UDN50  |b LSP  |d 305.89591 ĐĂ-O  |e available  |t Error 5001 Not defined in file expand_doc_bib_avail.  |f 1  |g 0  |h N  |i 0  |k 1 
TYP |a Monograph 
TYP |a Printed language 
980 |a Mạng thư viện Đại học Đà Nẵng